Mis-Matched Marvel & DC Heroes Quiz Stats

 Plays Quiz Updated Nov 28, 2018

Challenge
Share
Tweet
Score 0/25 Timer 03:00
9 Plays Today
% Correct
Captain Manhunter
88.2%
Iron Lantern
87.9%
Green Torch
86.4%
Booster Strange
81.4%
Jean Woman
81.3%
Incredible Man
80.9%
Dick Widow
80.7%
Bruce Pryde
79.7%
Black Fury
79.4%
Red Surfer
78.5%
Swamp Marvel
77.8%
Jonah Witch
76%
Tim Panther
75%
% Correct
Ray Raccoon
74.4%
Nite Cage
73.1%
Doctor Man
70.4%
Beast-Man
69%
Billy Fist
66.1%
Barry Knight
64.4%
Kid Jones
63.1%
Silk Rider
63%
Blue Woman
61.6%
John Lord
59.3%
Star Frost
54.3%
Rip Jack
49.2%

You're not logged in!

Compare scores with friends on all Sporcle quizzes.
OR
Log In

You Might Also Like...

Show Comments

Extras

Top Quizzes Today


Score Distribution

Your Account Isn't Verified!

In order to create a playlist on Sporcle, you need to verify the email address you used during registration. Go to your Sporcle Settings to finish the process.

Report this User

Report this user for behavior that violates our Community Guidelines.

Details: